00385nam a2200121Ia 4500008004100000082002000041100002100061245002300082260006900105300000700174630001800181650006400199211109s9999||||xx |||||||||||||| ||und|| a894.8121bCHE-C aCheravally, Sasi 0aCharama Sandhyakal bPrabhatham Printing &publishing CompanyaThiruvanathapuramc1995 a48 xGeneral stack aLiteraturevmalayalam literaturexMalayalam PoetryMalayalam